[Event "ch-FRA Blitz Online Qual"]
[Site "Europe-Chess INT"]
[Date "2020.05.16"]
[Round "9"]
[White "Barbot, Pierre1"]
[Black "Doluhanova, Evgeniya"]
[Result "0-1"]
[WhiteTitle "IM"]
[BlackTitle "WGM"]
[WhiteElo "2443"]
[BlackElo "2229"]
[WhiteFideId "663727"]
[BlackFideId "14112035"]
[EventDate "2020.05.16"]

1. d4 Nf6 2. c4 e6 3. Nf3 b6 4. g3 Bb7 5. Bg2 Be7 6. O-O O-O 7. Re1 Na6 8. Nc3
d5 9. cxd5 Nxd5 10. e4 Nxc3 11. bxc3 c5 12. Bf4 Rc8 13. Qa4 cxd4 14. cxd4 Qe8
15. Qb3 Nb4 16. Rad1 Ba6 17. d5 Nc2 18. d6 Nxe1 19. Nxe1 Bc4 20. Qb1 Rd8 21.
dxe7 Qxe7 22. Rc1 b5 23. e5 a5 24. Be3 a4 25. Nf3 h6 26. Nd2 Bd3 27. Qb2 Rc8 28.
Rxc8 Rxc8 29. h4 Qc7 30. Bf1 Qc1 31. Qxc1 Rxc1 32. Kg2 Bxf1+ 33. Nxf1 Ra1 34.
Nd2 Rxa2 35. Ne4 Rb2 36. Kf3 a3 37. Bd4 Rb3+ 38. Ke2 a2 39. Nd2 Rb1 40. Kd3 a1=Q
41. Bxa1 Rxa1 42. Nb3 Ra2 43. Nd2 b4 44. h5 b3 45. Kc3 b2 46. Nb1 Ra5 47. f4 Rb5
48. Kc2 g6 49. Nc3 Rb8 50. hxg6 fxg6 51. Kb1 g5 52. fxg5 hxg5 53. Ne4 Kf7 54.
Nxg5+ Ke7 55. Nf3 Rb3 56. Nd4 Rxg3 57. Kxb2 Rd3 58. Nc6+ Kf7 59. Kc2 Rd7 60. Nb4
Kg6 61. Kc3 Kf5 62. Nd3 Rd5 63. Kc2 Ke4 64. Nf2+ Kxe5 65. Ng4+ Kf4 66. Nf2 e5
67. Nd3+ Rxd3 68. Kxd3 Kf3 69. Kd2 e4 70. Ke1 Ke3 71. Kd1 Kf2 0-1

[Event "ch-FRA Blitz Online Qual"]
[Site "Europe-Chess INT"]
[Date "2020.05.16"]
[Round "9"]
[White "Delorme, Alban"]
[Black "Philippe, Guillaume"]
[Result "1-0"]
[WhiteTitle "FM"]
[BlackTitle "IM"]
[WhiteElo "2322"]
[BlackElo "2354"]
[WhiteFideId "623636"]
[BlackFideId "36048763"]
[EventDate "2020.05.16"]

1. d4 Nf6 2. Nf3 e6 3. g3 b5 4. Bg2 Bb7 5. O-O c5 6. a4 b4 7. c4 cxd4 8. Qxd4
Nc6 9. Qf4 Qb8 10. b3 Na5 11. Qxb8+ Rxb8 12. Bf4 Rc8 13. Nbd2 Be7 14. Rac1 O-O
15. Be3 Bc5 16. Bxc5 Rxc5 17. Ne1 Bxg2 18. Kxg2 Rb8 19. Nd3 Rcc8 20. c5 Nd5 21.
Rfe1 f6 22. e4 Nc7 23. e5 f5 24. h4 Nd5 25. Rc2 Kf8 26. Rb2 Ke7 27. Rc1 Nb7 28.
Rbc2 Rc6 29. Nf3 Na5 30. Nd4 Rc7 31. Nb5 Rcb7 32. Rb2 a6 33. Nd6 Rc7 34. h5 h6
35. f3 Nc6 36. Kf2 Nd4 37. Nf4 Nxf4 38. gxf4 Rg8 39. Ke3 Nc6 40. Nc4 Nd8 41. Na5
Nb7 42. Nxb7 Rxb7 43. Rd2 Rc8 44. Rd6 Rbc7 45. Kd4 Rc6 46. Rg1 Rg8 47. Rg6 a5
48. Rgxe6+ dxe6 49. Rxc6 Rd8+ 50. Kc4 Rd1 51. Rc7+ Kd8 52. Rxg7 Rf1 53. Rg6 Rxf3
54. Rxh6 Rxf4+ 55. Kb5 Rf3 56. Rxe6 Rxb3 57. c6 Rc3 58. h6 b3 59. h7 Rh3 60.
Rd6+ Kc7 61. Rd7+ Kc8 62. e6 b2 63. Rd1 Rxh7 64. Kb6 f4 65. Rg1 Rh8 66. Rb1 Rh3
67. Rxb2 Re3 68. Rh2 Rb3+ 69. Kxa5 f3 70. e7 Re3 71. Rh8+ Kc7 72. e8=Q Rxe8 73.
Rxe8 1-0

[Event "ch-FRA Blitz Online Qual"]
[Site "Europe-Chess INT"]
[Date "2020.05.16"]
[Round "9"]
[White "Colin, Vincent"]
[Black "Barbaras, Mathieu"]
[Result "1/2-1/2"]
[WhiteTitle "IM"]
[WhiteElo "2372"]
[BlackElo "2200"]
[WhiteFideId "612324"]
[BlackFideId "20622910"]
[EventDate "2020.05.16"]

1. e4 c5 2. Nf3 d6 3. g3 g6 4. Bg2 Nf6 5. d3 Bg7 6. O-O O-O 7. Re1 Nc6 8. c3 e5
9. a3 a6 10. b4 b5 11. Bb2 Bb7 12. Nbd2 Qc7 13. Rc1 Rfe8 14. d4 c4 15. d5 Nb8
16. a4 Nbd7 17. Ra1 Nb6 18. a5 Na4 19. Rxa4 bxa4 20. Qxa4 Bc8 21. Qa2 Bd7 22.
Qxc4 Rec8 23. Qxc7 Rxc7 24. c4 Rb8 25. Bc3 Bh6 26. Bf1 Ne8 27. Nb1 f6 28. Na3
Bf8 29. Rc1 Ba4 30. Bd2 Ra8 31. Ne1 h5 32. f3 Kh7 33. Nd3 Bh6 34. Bxh6 Kxh6 35.
c5 Bb5 36. Nxb5 axb5 37. c6 Rcc8 38. Nf2 Nc7 39. Nd1 Rf8 40. Nc3 Rab8 41. Ra1 f5
42. a6 Rb6 43. a7 Ra8 44. Ra5 Ra6 45. Rxa6 Nxa6 46. Nxb5 Nxb4 47. c7 Na6 48. Kf2
h4 49. Ke3 hxg3 50. hxg3 Kg5 51. f4+ Kf6 52. exf5 gxf5 53. Bd3 e4 54. Be2 Ke7
55. g4 Kd7 56. Nd4 Nxc7 57. Nxf5 Nxd5+ 58. Kd4 Nxf4 59. Bb5+ Kc7 60. Kxe4 Ne6
61. Kd5 Nf4+ 62. Ke4 Ng6 63. Nd4 Ne7 64. Ne6+ Kb6 65. Bd3 Rxa7 66. g5 Ra4+ 67.
Kf3 Ra3 68. Ke4 Ra4+ 69. Kf3 Nc6 70. Be4 Ne5+ 71. Kf4 d5 72. Kxe5 dxe4 73. Kf4
Kc6 74. g6 Ra7 75. g7 Rxg7 76. Nxg7 Kd5 77. Nf5 Kc4 78. Kxe4 1/2-1/2

[Event "ch-FRA Blitz Online Qual"]
[Site "Europe-Chess INT"]
[Date "2020.05.16"]
[Round "9"]
[White "Bouget, Alexandre"]
[Black "Cotonnec, Melkior"]
[Result "1-0"]
[WhiteTitle "FM"]
[BlackTitle "IM"]
[WhiteElo "2238"]
[BlackElo "2300"]
[WhiteFideId "681318"]
[BlackFideId "633275"]
[EventDate "2020.05.16"]

1. d4 d5 2. c4 dxc4 3. Nf3 c5 4. e3 cxd4 5. exd4 Nf6 6. Bxc4 e6 7. O-O Be7 8.
Nc3 O-O 9. Bg5 b6 10. d5 Na6 11. dxe6 fxe6 12. Ne5 Qc7 13. Qe2 Bb7 14. Bxe6+ Kh8
15. Nf7+ Kg8 16. Nd6+ Kh8 17. Nxb7 Qxb7 18. Bxf6 Bxf6 19. Bd5 Qe7 20. Qxa6 Rad8
21. Bf3 Be5 22. Rfe1 Qg5 23. Ne4 Qh6 24. Ng3 Bxb2 25. Rad1 Bd4 26. Qc4 Bc5 27.
Rxd8 Rxd8 28. Qe6 Qxe6 29. Rxe6 h6 30. h3 Rd2 31. Ne4 Rxa2 32. Nxc5 bxc5 33. Rc6
Ra5 34. Kf1 Kg8 35. Rc7 Kf8 36. Ke2 Ra2+ 37. Ke3 Ra3+ 38. Ke4 Ra2 39. Rxc5 Rxf2
40. Ra5 Rd2 41. Rxa7 Rd6 42. Ke5 Rb6 43. Bd5 Rf6 44. Be6 Rf2 45. Bd5 Rf6 46.
Ra8+ Ke7 47. Rg8 Rg6 48. g4 Rg5+ 49. Ke4 Kd6 50. Bf7 Ke7 51. Bc4 Kd6 52. Kf4 Ke7
53. h4 Rg6 54. Bd3 Rf6+ 55. Ke5 Re6+ 56. Kf4 Rf6+ 57. Kg3 Kf7 58. Bc4+ Kg6 59.
h5+ Kh7 60. Re8 Rd6 61. Bg8+ Kh8 62. Bf7+ Kh7 63. Bg6+ Rxg6 64. hxg6+ Kxg6 65.
Kh4 Kf6 66. Ra8 Kg6 67. Ra6+ Kh7 68. Rb6 Kg8 69. g5 hxg5+ 70. Kxg5 Kh7 71. Kh5
Kg8 72. Kg6 1-0

[Event "ch-FRA Blitz Online Qual"]
[Site "Europe-Chess INT"]
[Date "2020.05.16"]
[Round "9"]
[White "Fantinel, Thibault"]
[Black "Coutton, Sylvain"]
[Result "1-0"]
[WhiteTitle "IM"]
[WhiteElo "2375"]
[BlackElo "2185"]
[WhiteFideId "663395"]
[BlackFideId "610194"]
[EventDate "2020.05.16"]

1. e4 e5 2. Nf3 Nc6 3. Bc4 Bc5 4. O-O Nf6 5. d3 d6 6. c3 h6 7. Bb3 O-O 8. h3 a6
9. Re1 Ba7 10. Nbd2 Nh5 11. Nf1 Qf6 12. Be3 Nf4 13. Ng3 g6 14. d4 Kh7 15. Kh2 g5
16. Bd5 Ne7 17. Bb3 Neg6 18. dxe5 dxe5 19. Bxa7 Rxa7 20. Qd2 Nxg2 21. Kxg2 Bxh3+
22. Kxh3 Qxf3 23. Rg1 Nf4+ 24. Kh2 Qg4 25. Qxf4 gxf4 26. Nf5 Qh5+ 27. Kg2 Rg8+
28. Kf1 Qh3+ 29. Ke2 f3+ 30. Ke3 Rg5 31. Rh1 Qg4 32. Rxh6+ Kg8 33. Rah1 Qf4+ 34.
Kd3 Rg7 35. Rh8# 1-0

[Event "ch-FRA Blitz Online Qual"]
[Site "Europe-Chess INT"]
[Date "2020.05.16"]
[Round "9"]
[White "Maisuradze, Nino"]
[Black "Bulmaga, Irina"]
[Result "1-0"]
[WhiteTitle "WGM"]
[BlackTitle "IM"]
[WhiteElo "2214"]
[BlackElo "2440"]
[WhiteFideId "13601717"]
[BlackFideId "13903063"]
[EventDate "2020.05.16"]

1. d4 Nf6 2. c4 e6 3. Nc3 c5 4. d5 d6 5. e4 g6 6. f4 exd5 7. cxd5 Bg7 8. Nf3 O-O
9. Be2 Re8 10. e5 dxe5 11. fxe5 Ng4 12. Bg5 Qa5 13. O-O Nxe5 14. d6 Be6 15. Nd5
Bxd5 16. Qxd5 Nbd7 17. Nxe5 Nxe5 18. d7 Red8 19. Bxd8 Rxd8 20. Rxf7 Nxf7 21. Bc4
b5 22. Qxf7+ Kh8 23. Qe8+ Bf8 24. Rf1 Kg7 25. Rxf8 bxc4 26. Rg8+ Kh6 27. Qe3+
Kh5 28. Rxd8 Qxd8 29. Qe8 Qg5 30. d8=Q Qc1+ 31. Kf2 Qxb2+ 32. Qe2+ Qxe2+ 33.
Kxe2 c3 34. Qd5+ Kg4 35. Qxc5 c2 36. Qxc2 h5 37. Qe4+ Kg5 38. h4+ Kh6 39. g4 a5
40. g5+ Kg7 41. Qe7+ Kg8 42. Qa7 a4 43. Qxa4 Kg7 44. Qd7+ Kh8 45. a4 Kg8 46. a5 1-0

[Event "ch-FRA Blitz Online Qual"]
[Site "Europe-Chess INT"]
[Date "2020.05.16"]
[Round "9"]
[White "Degraeve, Remy"]
[Black "Ioannidis, Evgenios"]
[Result "0-1"]
[WhiteTitle "FM"]
[BlackTitle "IM"]
[WhiteElo "2328"]
[BlackElo "2401"]
[WhiteFideId "26024560"]
[BlackFideId "4229274"]
[EventDate "2020.05.16"]

1. d4 d5 2. c4 c6 3. Nc3 Nf6 4. e3 Nbd7 5. Nf3 e6 6. Qc2 Bd6 7. Bd3 O-O 8. O-O
dxc4 9. Bxc4 b5 10. Be2 Bb7 11. e4 e5 12. dxe5 Nxe5 13. Nd4 Neg4 14. g3 Bxg3 15.
hxg3 Qxd4 16. Qd1 Qxd1 17. Rxd1 Rfe8 18. f3 Ne5 19. Kf2 a6 20. a4 b4 21. Nb1 c5
22. Nd2 Rad8 23. b3 Nc6 24. Bc4 Nd7 25. Bd5 Nb6 26. Nc4 Nxd5 27. exd5 Nd4 28. d6
Bxf3 29. Rxd4 cxd4 30. Kxf3 f6 31. Bf4 g5 32. Bd2 a5 33. Rd1 h5 34. Bc1 g4+ 35.
Kf4 Re2 36. Kf5 Kf7 37. Rxd4 Rd7 38. Bf4 Rc2 39. Nxa5 Rc5+ 40. Ke4 Rxa5 41. Rxb4
Ke6 42. Rb8 f5+ 43. Ke3 Rc5 44. b4 Rc3+ 45. Kd4 Rb3 46. a5 h4 47. gxh4 Rf3 48.
Bg5 g3 49. Re8+ Kf7 50. Re1 Rxd6+ 51. Kc5 Re6 52. Rg1 Rc3+ 53. Kd5 Re2 54. b5
Ra2 55. a6 Rb3 56. Kc4 Rba3 57. Bf4 g2 58. Bd6 Ra4+ 59. Bb4 Rb2 60. Kc3 Rbxb4
61. a7 Rxb5 62. Rxg2 Rxa7 63. Rf2 Ra4 64. h5 Rh4 65. h6 Rxh6 66. Rd2 Rc6+ 67.
Kd4 Rd6+ 68. Kc4 Rxd2 69. Kxb5 f4 0-1

[Event "ch-FRA Blitz Online Qual"]
[Site "Europe-Chess INT"]
[Date "2020.05.16"]
[Round "9"]
[White "Ellis, Antoine"]
[Black "Suarez Uriel, Adrian"]
[Result "0-1"]
[BlackTitle "IM"]
[WhiteElo "2066"]
[BlackElo "2340"]
[WhiteFideId "36019992"]
[BlackFideId "22230874"]
[EventDate "2020.05.16"]

1. d4 Nf6 2. c4 g6 3. Nc3 d5 4. cxd5 Nxd5 5. Bd2 Nb6 6. e3 Bg7 7. f4 O-O 8. Nf3
Na6 9. Be2 c5 10. Bxa6 bxa6 11. dxc5 Nc4 12. Qc2 Rb8 13. Rb1 Qc7 14. Nd5 Qxc5
15. Nxe7+ Qxe7 16. Qxc4 Bf5 17. Rd1 Rfc8 18. Qa4 Bd3 19. Rc1 Rxc1+ 20. Bxc1 Bxb2
21. Bxb2 Qxe3+ 22. Kd1 Qe2+ 23. Kc1 Qxb2+ 24. Kd1 Qe2+ 25. Kc1 Rc8+ 26. Qc6
Rxc6# 0-1

[Event "ch-FRA Blitz Online Qual"]
[Site "Europe-Chess INT"]
[Date "2020.05.16"]
[Round "9"]
[White "Stephan, Victor"]
[Black "Firouzja, Mohammadreza"]
[Result "1-0"]
[WhiteTitle "IM"]
[WhiteElo "2439"]
[BlackElo "2135"]
[WhiteFideId "656666"]
[BlackFideId "12573990"]
[EventDate "2020.05.16"]

1. Nf3 Nf6 2. c4 e6 3. g3 b6 4. Bg2 Bb7 5. O-O c5 6. b3 Be7 7. Bb2 O-O 8. Nc3 d6
9. e3 Nbd7 10. Qe2 a6 11. Rfd1 Qc7 12. d4 cxd4 13. exd4 Rfe8 14. Rac1 Rac8 15.
a4 Bf8 16. Ne1 g6 17. Ne4 Nxe4 18. Bxe4 Nf6 19. Bxb7 Qxb7 20. Qf3 Qxf3 21. Nxf3
b5 22. d5 e5 23. cxb5 axb5 24. Rc6 bxa4 25. bxa4 Ra8 26. Nxe5 dxe5 27. Rxf6 Rxa4
28. d6 Ra7 29. Rf3 Rd7 30. Rfd3 Re6 31. Ba3 e4 32. Rd5 e3 33. fxe3 Rxe3 34. R1d3
Rxd3 35. Rxd3 f6 36. Kg2 Kf7 37. Kf3 Ke6 38. Re3+ Kf7 39. Rd3 Ke6 40. Re3+ Kd5
41. Re7 Kc6 42. h4 h5 43. Re6 Rf7 44. Ke4 Kd7 45. Kd5 Bg7 46. Re3 Bf8 47. Rb3
Kc8 48. Rb5 Rd7 49. Ke6 f5 50. Rb8+ Kxb8 51. Kxd7 g5 52. hxg5 f4 53. gxf4 h4 54.
Bc5 h3 55. Bg1 Bg7 56. f5 Bd4 57. Bh2 Be3 58. g6 Bd4 59. Ke7 Kb7 60. d7 Bb6 61.
d8=Q Bxd8+ 62. Kxd8 Kc6 63. g7 1-0

[Event "ch-FRA Blitz Online Qual"]
[Site "Europe-Chess INT"]
[Date "2020.05.16"]
[Round "9"]
[White "Popov, Konstantin"]
[Black "Kirk, Ezra"]
[Result "1-0"]
[WhiteTitle "FM"]
[BlackTitle "IM"]
[WhiteElo "2366"]
[BlackElo "2447"]
[WhiteFideId "34137910"]
[BlackFideId "600067"]
[EventDate "2020.05.16"]

1. e4 c5 2. Nf3 Nc6 3. d4 cxd4 4. Nxd4 g6 5. c4 Bg7 6. Be3 Nf6 7. Nc3 O-O 8. Be2
d6 9. O-O Bd7 10. f3 Nxd4 11. Bxd4 Bc6 12. Qd2 a5 13. b3 Nd7 14. Bf2 Nc5 15.
Rab1 e6 16. Rfe1 Be5 17. Bf1 Qe7 18. Nb5 f5 19. exf5 Rxf5 20. Nd4 Bxd4 21. Qxd4
e5 22. Qd2 Raf8 23. Rbd1 R8f6 24. Bh4 Kg7 25. Bxf6+ Rxf6 26. Qxa5 Ne6 27. Qd2
Nf4 28. g3 Nh5 29. Bg2 Qf8 30. Rf1 Kh8 31. Qe3 Ng7 32. b4 Nf5 33. Qf2 g5 34. b5
Bd7 35. a4 Be6 36. Qe2 Nd4 37. Rxd4 exd4 38. Qd3 Kg8 39. Qxd4 Rf5 40. Bh3 Re5
41. Bxe6+ Rxe6 42. Qd5 Qf7 43. a5 Kf8 44. f4 g4 45. f5 Re7 46. Qxf7+ Kxf7 47.
Rf4 Kf6 48. Kf2 h5 49. Rd4 Kxf5 50. Rxd6 Rc7 51. Rd4 Ke5 52. Ke3 Ke6 53. Re4+
Kd6 54. Kd4 Rf7 55. Rf4 Re7 56. c5+ Kc7 57. Rf5 h4 58. gxh4 Re2 59. Rf7+ Kc8 60.
Rg7 Rd2+ 61. Kc3 Rd5 62. Kc4 Rd2 63. Rxg4 Rxh2 64. Rg8+ Kc7 65. b6+ Kc6 66. Rg6+
Kd7 67. Rg7+ Kc8 68. a6 Rxh4+ 69. Kb5 bxa6+ 70. Kxa6 Rh8 71. Ka7 1-0

[Event "ch-FRA Blitz Online Qual"]
[Site "Europe-Chess INT"]
[Date "2020.05.16"]
[Round "9"]
[White "Roque, Gaetan"]
[Black "Vlachos, Anatole"]
[Result "1-0"]
[BlackTitle "IM"]
[WhiteElo "2128"]
[BlackElo "2401"]
[WhiteFideId "20666934"]
[BlackFideId "26093189"]
[EventDate "2020.05.16"]

1. d4 e6 2. c4 f5 3. Nc3 Nf6 4. Nf3 Bb4 5. e3 b6 6. Be2 Bb7 7. O-O Bxc3 8. bxc3
O-O 9. Rb1 d6 10. a4 Be4 11. Ra1 a5 12. Ng5 Qe7 13. d5 exd5 14. f3 h6 15. Nh3
Kh7 16. fxe4 Nxe4 17. cxd5 Nxc3 18. Qc2 Nxe2+ 19. Qxe2 Nd7 20. Bb2 Nc5 21. Nf4
Rae8 22. Rf3 g5 23. Nh5 g4 24. Rf2 Ne4 25. Rf4 Kg6 26. h3 Kxh5 27. Rxf5+ Kg6 28.
Qxg4+ Kh7 29. Raf1 Ng5 30. Rxf8 Rxf8 31. Rxf8 Qxf8 32. h4 Qe7 33. hxg5 Qxe3+ 34.
Kh2 hxg5 35. Qh3+ Qxh3+ 36. Kxh3 Kg6 37. Kg4 1-0

[Event "ch-FRA Blitz Online Qual"]
[Site "Europe-Chess INT"]
[Date "2020.05.16"]
[Round "9"]
[White "Massiani, Xavier"]
[Black "Claverie, Christophe"]
[Result "1/2-1/2"]
[BlackTitle "IM"]
[WhiteElo "1781"]
[BlackElo "2304"]
[WhiteFideId "45145059"]
[BlackFideId "605514"]
[EventDate "2020.05.16"]

1. e4 c5 2. Nc3 Nc6 3. Bb5 Na5 4. Nf3 a6 5. Be2 e6 6. O-O b5 7. d4 cxd4 8. Qxd4
Nc6 9. Qd3 d6 10. a3 h6 11. Rd1 Bb7 12. Bf4 e5 13. Be3 Nf6 14. Nh4 g6 15. f4 Be7
16. Nf3 Ng4 17. fxe5 dxe5 18. Qxd8+ Rxd8 19. Bb6 Rxd1+ 20. Rxd1 Nf6 21. h3 Nd7
22. Be3 Bc5 23. Bxc5 Nxc5 24. Rd5 Nd7 25. Rd1 Nc5 26. Rd5 Nd7 27. Rd1 f6 28. Nd5
O-O 29. a4 bxa4 30. Bc4 Kg7 31. c3 Nc5 32. Nc7 Rd8 33. Bd5 Rd7 34. Ne8+ Kf8 35.
Nxf6 Rd6 36. Ng4 Nxe4 37. Nfxe5 Kg7 38. Re1 Rxd5 39. Rxe4 Nxe5 40. Rxe5 Rxe5 41.
Nxe5 Kf6 42. Nd7+ Ke7 43. Nc5 Bc8 44. Nxa4 Kd6 45. Kf2 Kc6 46. b3 Bf5 47. Nb2 a5
48. Nc4 Bc2 49. Nxa5+ Kb5 50. b4 h5 51. Kg3 g5 52. Kf3 Bd1+ 53. Kf2 h4 54. g3
Bc2 55. gxh4 gxh4 56. Kf3 Bf5 57. Kg2 Be4+ 58. Kh2 Bd5 59. c4+ Bxc4 60. Nxc4
Kxc4 61. Kg2 Kxb4 62. Kf3 Kc5 63. Kg4 Kd6 64. Kxh4 Ke7 65. Kh5 Kf8 66. Kh6 Kg8
67. Kg6 Kh8 68. Kh6 Kg8 1/2-1/2

[Event "ch-FRA Blitz Online Qual"]
[Site "Europe-Chess INT"]
[Date "2020.05.16"]
[Round "9"]
[White "Loiseau, Quentin"]
[Black "Bournel, Antoine"]
[Result "1-0"]
[WhiteTitle "IM"]
[WhiteElo "2457"]
[BlackElo "2238"]
[WhiteFideId "665274"]
[BlackFideId "26093553"]
[EventDate "2020.05.16"]

1. d4 Nf6 2. c4 e6 3. g3 d5 4. Bg2 Bb4+ 5. Nd2 O-O 6. e3 dxc4 7. Ne2 c5 8. dxc5
Qc7 9. O-O Qxc5 10. Qc2 Bxd2 11. Bxd2 Nc6 12. Rac1 Rd8 13. b3 b5 14. bxc4 b4 15.
Nd4 Bb7 16. Nxc6 Bxc6 17. Bxb4 Qxb4 18. Bxc6 Rac8 19. Bf3 Rc7 20. Qb3 Qc5 21.
Qb5 Qe7 22. c5 Nd7 23. c6 Ne5 24. Qxe5 f6 25. Qc5 Qf7 26. Rfd1 Rdc8 27. Rd7 Qxd7
28. cxd7 Rxc5 29. dxc8=Q+ Rxc8 30. Rxc8+ 1-0

[Event "ch-FRA Blitz Online Qual"]
[Site "Europe-Chess INT"]
[Date "2020.05.16"]
[Round "9"]
[White "Milliet, Sophie"]
[Black "Sesia, Noah"]
[Result "1-0"]
[WhiteTitle "IM"]
[WhiteElo "2401"]
[BlackElo "1822"]
[WhiteFideId "623725"]
[BlackFideId "26066904"]
[EventDate "2020.05.16"]

1. e4 e6 2. d4 d5 3. Nc3 Nf6 4. e5 Nfd7 5. Nce2 c5 6. c3 Nc6 7. Nf3 Be7 8. a3 f6
9. Nf4 Ndxe5 10. dxe5 fxe5 11. Nh5 O-O 12. Be2 e4 13. Nd2 Bd6 14. Ng3 Ne7 15.
O-O b6 16. Ndxe4 dxe4 17. Nxe4 Bc7 18. Qxd8 Rxd8 19. Bg5 Kf7 20. Bf3 Ba6 21.
Rfe1 h6 22. Bh5+ Kf8 23. Bh4 Bc4 24. Re3 Rd3 25. Rae1 Rad8 26. Rxd3 Bxd3 27. Bf3
g5 28. Bg3 Bxg3 29. Nxg3 Nf5 30. Rxe6 Nxg3 31. hxg3 Bf5 32. Rf6+ 1-0

[Event "ch-FRA Blitz Online Qual"]
[Site "Europe-Chess INT"]
[Date "2020.05.16"]
[Round "9"]
[White "Bailet, Pierre"]
[Black "Ternault, Mathieu"]
[Result "1-0"]
[WhiteTitle "IM"]
[BlackTitle "FM"]
[WhiteElo "2500"]
[BlackElo "2363"]
[WhiteFideId "655830"]
[BlackFideId "20641532"]
[EventDate "2020.05.16"]

1. Nf3 Nc6 2. e4 d6 3. d4 Nf6 4. Nc3 g6 5. Be2 Bg7 6. O-O O-O 7. Re1 Bg4 8. h3
Bxf3 9. Bxf3 e5 10. dxe5 dxe5 11. Be2 Nd4 12. Bd3 c6 13. Ne2 Ne6 14. Be3 Qc7 15.
c3 Rad8 16. Qc2 Nh5 17. g3 b6 18. Bc4 Qe7 19. a4 f5 20. exf5 gxf5 21. Nf4 exf4
22. Bxb6 Rd6 23. Bc5 fxg3 24. Bxd6 gxf2+ 25. Qxf2 Qg5+ 26. Qg2 Qxg2+ 27. Kxg2
Rf6 28. Rxe6 1-0

[Event "ch-FRA Blitz Online Qual"]
[Site "Europe-Chess INT"]
[Date "2020.05.16"]
[Round "9"]
[White "Song, Julien"]
[Black "Miralles, Gilles"]
[Result "1-0"]
[WhiteTitle "IM"]
[BlackTitle "GM"]
[WhiteElo "2306"]
[BlackElo "2418"]
[WhiteFideId "659487"]
[BlackFideId "600059"]
[EventDate "2020.05.16"]

1. d4 Nf6 2. c4 e6 3. Nf3 b6 4. a3 Bb7 5. Nc3 d5 6. Bg5 Be7 7. Qa4+ c6 8. Bxf6
Bxf6 9. cxd5 exd5 10. g3 O-O 11. Bg2 Re8 12. O-O Na6 13. Rfd1 Nc7 14. e3 a5 15.
Ne1 Ne6 16. Nd3 Qd6 17. Qc2 g6 18. Ne2 Bg7 19. h4 Red8 20. Nef4 Rac8 21. Rac1
Nxf4 22. Nxf4 Rb8 23. Qa4 Qf6 24. Rc2 Rd6 25. Rdc1 Bf8 26. Rc3 Rdd8 27. Rxc6
Bxc6 28. Rxc6 Qf5 29. Qb5 Qb1+ 30. Kh2 Qe1 31. Nd3 Qe2 32. Rc7 Rbc8 33. Rxc8
Rxc8 34. Bxd5 Bg7 35. Qd7 Rf8 36. Bc4 Qc2 37. b3 Kh8 38. a4 Bh6 39. Kg1 Qd1+ 40.
Kg2 Qd2 41. Qe7 Rc8 42. Ne5 Rd8 43. Nxf7+ Kg7 44. Nxd8+ Kh8 45. Nf7+ Kg7 46.
Qe5+ Kf8 47. Nxh6 1-0

[Event "ch-FRA Blitz Online Qual"]
[Site "Europe-Chess INT"]
[Date "2020.05.16"]
[Round "9"]
[White "Buksa, Nataliya"]
[Black "Joie, Sebastien"]
[Result "1-0"]
[WhiteTitle "IM"]
[BlackTitle "IM"]
[WhiteElo "2410"]
[BlackElo "2393"]
[WhiteFideId "14123622"]
[BlackFideId "650420"]
[EventDate "2020.05.16"]

1. d4 d5 2. Nc3 c6 3. Bf4 Bf5 4. e3 e6 5. f3 Bb4 6. g4 Bg6 7. h4 h5 8. g5 Ne7 9.
Bd3 Nd7 10. Ne2 Rc8 11. a3 Ba5 12. b4 Bc7 13. Bxc7 Qxc7 14. Nf4 Bxd3 15. Qxd3 g6
16. Nce2 e5 17. Ng2 O-O 18. Kf2 Qb6 19. dxe5 Nxe5 20. Qd4 Qxd4 21. Nxd4 Nc4 22.
Nf4 Rfe8 23. Rhe1 Rcd8 24. Nd3 Nd6 25. e4 dxe4 26. fxe4 Nc4 27. Nf3 Nc8 28. e5
N8b6 29. a4 Nd5 30. a5 Nc7 31. Re4 Nd6 32. exd6 Rxe4 33. dxc7 Rc8 34. Nde5 Rxb4
35. Rd1 Rxc7 36. Rd8+ Kg7 37. Nd7 Rxd7 38. Rxd7 Rb2 39. Kg3 Rxc2 40. Rxb7 a6 41.
Ne5 1-0

[Event "ch-FRA Blitz Online Qual"]
[Site "Europe-Chess INT"]
[Date "2020.05.16"]
[Round "9"]
[White "Devallee, Jeremie"]
[Black "Efimov, Igor"]
[Result "1-0"]
[WhiteTitle "FM"]
[BlackTitle "GM"]
[WhiteElo "2230"]
[BlackElo "2409"]
[WhiteFideId "665240"]
[BlackFideId "806404"]
[EventDate "2020.05.16"]

1. e4 c5 2. d4 cxd4 3. c3 dxc3 4. Nxc3 e6 5. Nf3 a6 6. Bc4 Nc6 7. O-O Bc5 8. Qc2
Nge7 9. Rd1 O-O 10. a3 b5 11. Bf1 Ng6 12. Nxb5 Bxf2+ 13. Qxf2 axb5 14. Bxb5 Bb7
15. Be3 Qf6 16. Rxd7 Nce5 17. Nxe5 Qxe5 18. Rxb7 Qxe4 19. Rb6 Rac8 20. Bf1 Rc2
21. Rb4 Qc6 22. Qf3 Qc7 23. Bb6 Qc8 24. Re1 Qd7 25. Bd3 Rd2 26. Bxg6 fxg6 27.
Qe3 Rf6 28. Bd4 Qd5 29. Qxd2 Rf8 30. Bc3 Qf5 31. h3 h5 32. Rbe4 Qc5+ 33. Qe3 Qd5
34. Rxe6 Kh7 35. Qe4 Qg5 36. Qxg6+ Qxg6 37. Rxg6 Kxg6 38. a4 Rf5 39. a5 Rf7 40.
a6 Ra7 41. Re6+ Kf5 42. Rc6 Ke4 43. b4 Kd5 44. b5 g5 45. Bd2 g4 46. Be3 Ra8 47.
a7 Ke4 48. hxg4 hxg4 49. Bb6 g3 50. Rg6 Kf4 51. Bc7+ Kf5 52. Rxg3 Rxa7 53. b6
Ra1+ 54. Kh2 Rb1 55. Rf3+ Kg4 56. Rg3+ Kf5 57. Rg8 Rb4 58. Kh3 Ke6 59. Rd8 Kf5
60. Rd5+ Ke4 61. Re5+ Kd4 62. Re7 Kd5 63. g4 Kc6 64. g5 Rb1 65. Kg4 Rg1+ 66. Kh5 1-0

[Event "ch-FRA Blitz Online Qual"]
[Site "Europe-Chess INT"]
[Date "2020.05.16"]
[Round "9"]
[White "Villegas, Pierre"]
[Black "Eden, James"]
[Result "0-1"]
[WhiteTitle "IM"]
[BlackTitle "IM"]
[WhiteElo "2364"]
[BlackElo "2330"]
[WhiteFideId "654183"]
[BlackFideId "666491"]
[EventDate "2020.05.16"]

1. d4 d5 2. c4 c6 3. Nf3 Nf6 4. e3 Bf5 5. Nc3 a6 6. Qb3 Ra7 7. Be2 h6 8. O-O e6
9. a4 a5 10. Bd2 Bd6 11. Rfc1 Nbd7 12. h3 O-O 13. cxd5 exd5 14. Be1 Re8 15. Nb1
Ne4 16. Nbd2 Ndf6 17. Nxe4 Nxe4 18. Nd2 Bc7 19. Nf1 Qg5 20. Kh1 Re6 21. f4 Qd8
22. g4 Bh7 23. Kg2 f5 24. Nh2 Nf6 25. Bf2 Bxf4 26. Bd3 Bxh2 27. gxf5 Re4 28.
Kxh2 Bxf5 29. Bxe4 Nxe4 30. Bg3 Qg5 31. Rg1 Qh5 32. h4 Qg4 0-1

[Event "ch-FRA Blitz Online Qual"]
[Site "Europe-Chess INT"]
[Date "2020.05.16"]
[Round "9"]
[White "Di Nicolantonio, Lucas"]
[Black "Pigeat, Alexandre"]
[Result "1/2-1/2"]
[WhiteTitle "IM"]
[BlackTitle "FM"]
[WhiteElo "2414"]
[BlackElo "2293"]
[WhiteFideId "680460"]
[BlackFideId "20649444"]
[EventDate "2020.05.16"]

1. e4 e6 2. d4 d5 3. exd5 exd5 4. Nf3 Bd6 5. c4 c6 6. Nc3 Ne7 7. Bd3 Be6 8. cxd5
Nxd5 9. O-O h6 10. Nxd5 cxd5 11. Re1 O-O 12. Ne5 Nc6 13. Bc2 Qh4 14. Qd3 g6 15.
Nf3 Qh5 16. a3 Rfe8 17. Be3 Bg4 18. Bd1 Bxf3 19. Bxf3 Qxh2+ 20. Kf1 Ne7 21. Ke2
Nf5 22. Rh1 Rxe3+ 23. Qxe3 1/2-1/2